Financování třetí stranou v zemích Evropské unie Zahraniční zkušenosti
Projekty a metódy na znižovanie energetickej náročnosti v Európskom spoločenstve. Uplatňovanie metódy financovania treťou stranou (Third Party Financing - TPF). Európske spoločenstvo a financovanie treťou stranou v 80. rokoch. Sieť financovania treťou stranou - stratégia spoločenstva pre 90. roky. Č...
Gespeichert in:
| 1. Verfasser: | |
|---|---|
| Format: | Buchkapitel |
| Sprache: | Tschechisch |
| Schlagworte: | |
| Tags: |
Keine Tags, Fügen Sie das erste Tag hinzu!
|
MARC
| LEADER | 00000naa a2200000 4500 | ||
|---|---|---|---|
| 001 | r019255 | ||
| 005 | 20221208131121.5 | ||
| 041 | 0 | |a cze | |
| 044 | |a CZ | ||
| 245 | 1 | 0 | |a Financování třetí stranou v zemích Evropské unie |b Zahraniční zkušenosti |c D. Fee |
| 520 | |a Projekty a metódy na znižovanie energetickej náročnosti v Európskom spoločenstve. Uplatňovanie metódy financovania treťou stranou (Third Party Financing - TPF). Európske spoločenstvo a financovanie treťou stranou v 80. rokoch. Sieť financovania treťou stranou - stratégia spoločenstva pre 90. roky. Činitele v procese financovania treťou stranou v 90. rokoch. Spoločnosti energetických služieb (ESCO). Národné a regionálne organizácie pre úspory energie. Finančné inštitúcie. Úloha ES v 90. rokoch v procese financovania treťou stranou. Sieť financovania treťou stranou - akčný program. | ||
| 610 | 2 | 0 | |a energetika |
| 610 | 2 | 0 | |a úspory energie |
| 610 | 2 | 0 | |a spotreba energie |
| 610 | 2 | 0 | |a financovanie projektové |
| 610 | 2 | 0 | |a projekty |
| 610 | 2 | 0 | |a Európske spoločenstvá |
| 610 | 2 | 0 | |a organizácie medzinárodné |
| 610 | 2 | 0 | |a ESCO |
| 610 | 2 | 0 | |a TPF |
| 610 | 2 | 0 | |a 1980-1990 |
| 610 | 2 | 0 | |a 1990-2000 |
| 100 | 1 | |a Fee, D. | |